Els Magistrats de la Reial Audiència de Catalunya a la segona meitat del segle XVII / per Miquel Àngel Martínez Rodríguez
ISBN:
84-9779-424-9
Descripción Física:
295 p. ; 24 cm
Colección:
Estudis ; 33
Materias:
Jutges -- Catalunya -- S. XVII
MARC
| LEADER | 00000nam a2200000Ia 4500 | ||
|---|---|---|---|
| 001 | 18182 | ||
| 008 | 160829s2006 xx 000 0 cat d | ||
| 020 | |a 84-9779-424-9 | ||
| 080 | |a H-2-344 | ||
| 100 | |a Martínez Rodríguez, Miquel Àngel |9 23417 | ||
| 245 | |a Els Magistrats de la Reial Audiència de Catalunya a la segona meitat del segle XVII / per Miquel Àngel Martínez Rodríguez | ||
| 260 | |a Barcelona : |b Fundació Noguera, |c 2006 | ||
| 300 | |a 295 p. ; |c 24 cm | ||
| 490 | |a Estudis ; 33 | ||
| 590 | |a Bibliografia | ||
| 650 | |a Jutges |x Catalunya |x S. XVII |9 23418 | ||
| 901 | |a Arxiu | ||
| 942 | |n 1 | ||
| 952 | |0 0 |1 0 |4 0 |6 H2344 |7 1 |9 42700 |a Arxiu |b Arxiu |d 2016-12-01 |l 0 |o H-2-344 |p 18182 |r 2016-12-01 00:00:00 |w 2016-12-01 |y ARXIU | ||
| 999 | |c 45206 |d 45206 | ||